| 000 | 00923nam a2200265Ia 4500 | ||
|---|---|---|---|
| 003 | GCL | ||
| 008 | 140319s9999 xx 000 0 ara d | ||
| 020 | _a9300381977 | ||
| 040 |
_aGCL / _cGCL |
||
| 082 | 0 | 4 |
_a027.625 _bس م |
| 100 | 1 | _aسهير احمد محفوظ | |
| 245 | 1 | 0 |
_aمكتبات وادب الاطفال : _bرؤية مستقبلية / _cسهير احمد محفوظ |
| 250 | _aالاولى | ||
| 260 |
_aالقاهرة : _bالمكتبة الاكاديمية ، _c2007 |
||
| 300 |
_a130 ص ؛ _c24 سم |
||
| 650 | 0 | 4 | _aمكتبات الاطفال |
| 650 | 0 | 4 | _aالخدمة المكتبية |
| 650 | 0 | 4 | _aادب الاطفال |
| 650 | 0 | 4 | _aالمكتبات العامة |
| 650 | 0 | 4 | _aخدمات المعلومات |
| 650 | 0 | 4 | _aيعقوب الشارونى |
| 650 | 0 | 4 | _aمكتبات الاطفال - الانترنت |
| 650 | 0 | 4 | _aادب الاطفال - الانترنت |
| 942 |
_2ddc _cBK |
||
| 999 |
_c9830 _d9830 |
||